Heidegger dictionary (Record no. 1430021)
[ view plain ]
| 000 -LEADER | |
|---|---|
| fixed length control field | 00556cam a22002178i 4500 |
| 005 - DATE AND TIME OF LATEST TRANSACTION | |
| control field | 20250701134253.0 |
| 008 - FIXED-LENGTH DATA ELEMENTS--GENERAL INFORMATION | |
| fixed length control field | 230328s2023 nyu b 001 0 eng |
| 020 ## - INTERNATIONAL STANDARD BOOK NUMBER | |
| International Standard Book Number | 9781350190351 |
| 040 ## - CATALOGING SOURCE | |
| Language of cataloging | eng |
| Transcribing agency | SDCL |
| 084 ## - COLON CLASSIFICATION NUMBER | |
| Classification number | R3xM89 R3 |
| 100 1# - MAIN ENTRY--PERSONAL NAME | |
| Personal name | Dahlstrom, Daniel O. |
| 245 14 - TITLE STATEMENT | |
| Title | Heidegger dictionary |
| 250 ## - EDITION STATEMENT | |
| Edition statement | 2nd ed. |
| 260 ## - PUBLICATION, DISTRIBUTION, ETC. | |
| Place of publication, distribution, etc. | UK: |
| Name of publisher, distributor, etc. | Bloomsbury, |
| Date of publication, distribution, etc. | 2023. |
| 300 ## - PHYSICAL DESCRIPTION | |
| Extent | xvii, 381p. |
| 490 0# - SERIES STATEMENT | |
| Series statement | Bloomsbury philosophy dictionaries |
| 650 ## - SUBJECT ADDED ENTRY--TOPICAL TERM | |
| Topical term or geographic name entry element | Philosophy |
| 650 ## - SUBJECT ADDED ENTRY--TOPICAL TERM | |
| Topical term or geographic name entry element | Dictionary |
| 650 ## - SUBJECT ADDED ENTRY--TOPICAL TERM | |
| Topical term or geographic name entry element | Metaphysics |
| 942 ## - ADDED ENTRY ELEMENTS (KOHA) | |
| Source of classification or shelving scheme | Colon Classification (CC) |
| Koha item type | Textual |
| 100 1# - MAIN ENTRY--PERSONAL NAME | |
| -- | 144572 |
| 999 ## - | |
| -- | 1430021 |
| -- | 1430021 |
| Withdrawn status | Lost status | Source of classification or shelving scheme | Damaged status | Not for loan | Home library | Current library | Date acquired | Source of acquisition | Inventory number | Total checkouts | Full call number | Barcode | Date last seen | Price effective from | Koha item type |
|---|---|---|---|---|---|---|---|---|---|---|---|---|---|---|---|
| Colon Classification (CC) | South Campus Library | South Campus Library | 2025-05-22 | Govinda Book House | 6632, 05/02/2025, UKP 26.99 | R3xM89 R3 | SC1691058 | 2025-05-22 | 2025-05-22 | Textual |
